Declaración sobre el parlamento Centroamericano

Na minha lista:
Detalhes bibliográficos
Autor Corporativo: Fundación Centroamericana por la Integración
Formato: Texto
Publicado em: San José: FCI
Tags: Adicionar Tag
Sem tags, seja o primeiro a adicionar uma tag!

MARC

LEADER 00000 a a2200000 04500
001 23100
003
040
090 |a 159400  
110 |a Fundación Centroamericana por la Integración  
245 |a Declaración sobre el parlamento Centroamericano  
260 |a San José:   |b FCI  
300 |a 12 p.  
999 |c 1131  |d 1131